Giáo trình lịch sử các học thuyết kinh tế

Giáo trình nghiên cứu sự phát triển của lịch sử tư tưởng kinh tế của xã hội loài người được thể hiện qua các học thuyết, các tác phẩm, các điều luật, các chính sách kinh tế, giúp người đọc hiểu biết sâu sắc hơn về học thuyết kinh...

Cur síos iomlán

Đã lưu trong:
Sonraí Bibleagrafaíochta
Príomhúdar: Trần, Văn Hiếu
Formáid: Leabhar
Teanga:Undetermined
Foilsithe: Cần Thơ Trường Đại học Cần Thơ 2007
Ábhair:
Clibeanna: Cuir Clib Leis
Gan Chlibeanna, Bí ar an gcéad duine leis an taifead seo a chlibeáil!
Thư viện lưu trữ: Trung tâm Học liệu Trường Đại học Cần Thơ
LEADER 01337nam a2200193Ia 4500
001 CTU_126864
008 210402s9999 xx 000 0 und d
082 |a 330.1 
082 |b H309 
100 |a Trần, Văn Hiếu 
245 0 |a Giáo trình lịch sử các học thuyết kinh tế 
245 0 |c Trần Văn Hiếu , Ngô Đức Hồng 
260 |a Cần Thơ 
260 |b Trường Đại học Cần Thơ 
260 |c 2007 
520 |a Giáo trình nghiên cứu sự phát triển của lịch sử tư tưởng kinh tế của xã hội loài người được thể hiện qua các học thuyết, các tác phẩm, các điều luật, các chính sách kinh tế, giúp người đọc hiểu biết sâu sắc hơn về học thuyết kinh tế Mác-Lênin cũng như những thành tựu khoa học kinh tế chung của xã hội loài người, góp phần nâng cao trình độ tư duy kinh tế và lý giải được những vấn đề kinh tế hiện thực trong môi trường kinh tế thị trường nói chung và Việt Nam nói riêng 
650 |a Economics 
904 |i Năm 
980 |a Trung tâm Học liệu Trường Đại học Cần Thơ